Como hacer un balance (Registro nro. 1922)
[ vista simple ]
| 000 -LEADER | |
|---|---|
| fixed length control field | 01158 a2200205 4500 |
| 001 - CONTROL NUMBER | |
| control field | 29643 |
| 005 - DATE AND TIME OF LATEST TRANSACTION | |
| control field | 20260407155606.0 |
| 008 - FIXED-LENGTH DATA ELEMENTS--GENERAL INFORMATION | |
| fixed length control field | 260407a1964 arg spa d |
| 003 - CONTROL NUMBER IDENTIFIER | |
| control field | AR-UNSa-BCEJYS |
| 040 ## - CATALOGING SOURCE | |
| Original cataloging agency | AR-UNSa-BCEJYS |
| Language of cataloging | spa |
| Transcribing agency | AR-UNSa-BCEJYS |
| 080 ## - UNIVERSAL DECIMAL CLASSIFICATION NUMBER | |
| Universal Decimal Classification number | 657.36 |
| Common auxiliary subdivision | Balances de comprobación (balance estimativo). Balances de saldo. Balance intermedio |
| 100 1# - MAIN ENTRY--PERSONAL NAME | |
| Personal name | Lópes de Sa, Antonio |
| 245 10 - TITLE STATEMENT | |
| Title | Como hacer un balance |
| 250 ## - EDITION STATEMENT | |
| Edition statement | 2a. ed |
| 264 #1 - PRODUCTION, PUBLICATION, DISTRIBUTION, MANUFACTURE, AND COPYRIGHT NOTICE | |
| Place of production, publication, distribution, manufacture | Buenos Aires : |
| Name of producer, publisher, distributor, manufacturer | Selección Contable |
| Date of production, publication, distribution, manufacture, or copyright notice | 1964 |
| 300 ## - PHYSICAL DESCRIPTION | |
| Extent | 181 p. |
| Dimensions | 24 cm. |
| 505 ## - FORMATTED CONTENTS NOTE | |
| Formatted contents note | 1. El plan de cuentas como base para el balance - 2. La formación del balance en las empresas de pequeña o mediana dimensión - 3. Una rutina fácil para hacer el balance en las empresas de pequeña y mediana dimensión - 4. Los asientos que deben hacerse en ocasión del cierre del ejercicio - 5. presentación del balance - 6. Ejemplos de formación de balance en una empresa comercial y en una industrial - 7. Casos prácticos comentados - 8. Teoría del balance - 9. Estudio sobre la composición o estructura del capital de las empresas. |
| 590 ## - LOCAL NOTE (RLIN) | |
| Local note | niveau_biblio:m niveau_hierar:0 |
| 942 ## - ADDED ENTRY ELEMENTS (KOHA) | |
| Koha item type | |
| Withdrawn status | Lost status | Damaged status | Not for loan | Home library | Current library | Shelving location | Date acquired | Total checkouts | Full call number | Barcode | Date last seen | Price effective from | Koha item type |
|---|---|---|---|---|---|---|---|---|---|---|---|---|---|
| Biblioteca Prof. Eusebio Cleto del Rey | Biblioteca Prof. Eusebio Cleto del Rey | 07/04/2026 | 657.36 L865 2ed. | L20121 | 07/04/2026 | 07/04/2026 | Libro | ||||||
| Biblioteca Prof. Eusebio Cleto del Rey | Biblioteca Prof. Eusebio Cleto del Rey | 07/04/2026 | 657.36 L865 2ed. | L21074 | 07/04/2026 | 07/04/2026 | Libro |